01397nam a2200301Ia 4500001001200000003000800012006001900020007001500039008004100054020001800095040002100113035002100134050002400155245018100179260003500360300001600395500016100411504005100572533015200623650005000775650003700825655002900862700002500891700002100916710001700937856012600954999001501080ebr10267470CaPaEBRm u cr cn|||||||||071012s2008 ne sb 001 0 eng d z9781586038724 aCaPaEBRcCaPaEBR a(OCoLC)31625580114aHV6431b.P79 2008eb00aPsychosocial stress in immigrants and in members of minority groups as a factor of terrorist behaviorh[electronic resource] /cedited by Michal Finklestein and Kim Dent-Brown. aAmsterdam :bIOS Press,c2008. axvi, 209 p. aProceedings of the NATO Advanced Research Workshop on Psychosocial Stress in Immigrants and in Members of Minority Groups as a Factor of Terrorist Behavior. aIncludes bibliographical references and index. aElectronic reproduction.bPalo Alto, Calif. :cebrary,d2009.nAvailable via World Wide Web.nAccess may be limited to ebrary affiliated libraries. 0aTerrorismxPsychological aspectsvCongresses. 0aStress (Psychology)vCongresses. 7aElectronic books.2local1 aFinklestein, Michal.1 aDent-Brown, Kim.2 aebrary, Inc.40uhttp://site.ebrary.com/lib/rucke/Doc?id=10267470zAn electronic book accessible through the World Wide Web; click to view c9494d9494